00356nam a2200121Ia 4500008004100000041000800041082001600049100001900065245004000084260006700124300003200191365001100223240624s9999 xx 000 0 und d aeng a332.041 PIK aPIKETTY THOMAS aCAPITAL IN THE TWENTY FIRST CENTURY c2014aNew DelhibThe Belknap Press of Harvard University Press aviii, : 685 : p. : cm. ; 26 cRSb25